000 00346nam a2200133 i 4500
001 bg
100 1 _aSAWYER, Walter Warwick
245 0 _aMatematyka nauką przyjemną /
_cWalter Warwick Sawyer.
260 _aWarszawa :
_bWiedza Powszechna,
_c1988.
040 _cBPK
041 _apol
942 _cKS
008 s pl f |000 0 pol
999 _c23915
_d23915
856 _uhttp://koha.tu.koszalin.pl/cgi-bin/koha/opac-detail.pl?biblionumber=23915
_yKatalog online BPK